| 000 | 01059cab a22002175a 4500 | ||
|---|---|---|---|
| 001 | L138031 | ||
| 008 | 070514e2007 xxk f 000 0 eng d | ||
| 035 | _a(Sirsi) u138031 | ||
| 041 | 0 | _aeng | |
| 100 | 1 | _aForder, Robin | |
| 245 | 0 | 0 | _aEvery little helps |
| 260 | _c2007 | ||
| 490 | 0 |
_aRIBA Journal _v114(5) May 2007, 73-74(2) |
|
| 520 | _aLooks at the recently launched UK Microgeneration Certification Scheme, which is administered by BRE Certification. The scheme is part of government's strategy to reduce carbon emissions and provides robust third party certification of microgeneration products and installers, a code of practice, reasonable measures of expected energy generation and safe installations. Article also explains the different microgeneration technologies and integration/installation issues. | ||
| 590 | _aKA | ||
| 650 | 2 | 4 | _aUK MICROGENERATION CERTIFICATION SCHEME |
| 651 | 4 |
_aUnited Kingdom _y |
|
| 690 | _aENVIRONMENTAL AND LAND CONSULTANCY-ENERGY-ENERGY USE-ENERGY EFFICIENCY | ||
| 700 | 1 | _aMunzinger, Monika | |
| 942 | _n0 | ||
| 999 |
_c78771 _d78771 |
||